| 000 | 00973cam a2200205 4500 | ||
|---|---|---|---|
| 001 | L124818 | ||
| 008 | 040112n2004 000 0 eng u | ||
| 020 | _a1844720128 | ||
| 035 | _a(Sirsi) u124818 | ||
| 041 | _aeng | ||
| 050 |
_a346.02 _c18 |
||
| 100 | _aRobertson, Andrew | ||
| 245 | 4 |
_aThe law of obligations _bconnections and boundaries |
|
| 260 |
_aLondon _bUCL _c2004 |
||
| 300 |
_avi, 201p. _c24cm. |
||
| 350 | _a40 | ||
| 520 | _aThis collection of essays by leading British, Australian and Canadian private law scholars provides an important contribution to the debate about the structure underlying private law and the relationship betweens its different branches. Covers the classification and law of remedies, reconsiders some of the boundaries drawn by judges and scholars within the law of obligations and deals with the relationship between obligations and property. | ||
| 690 | _aMANAGEMENT-DISPUTE AVOIDANCE, MANAGEMENT AND RESOLUTION | ||
| 942 | _n0 | ||
| 999 |
_c103279 _d103279 |
||